Of changes and transformations : Bangladesh Bank (July 2009-June 2013)

Bibliographic Details
Corporate Author: Bangladesh Bank
Format: Book
Language:English
Published: Dhaka : Bangladesh Bank
Classic Catalogue: View this record in Classic Catalogue
LEADER 00688nam a22002057a 4500
001 27883
003 BD-DhAAL
005 20140224152009.0
008 140224s2013 bg a|||| |||| 00| 0 eng d
020 |a 9789843378613 
040 |a BD-DhAAL  |c BD-DhAAL 
082 |2 22  |a 332.1095492  
245 |a Of changes and transformations :  |b Bangladesh Bank (July 2009-June 2013) 
260 |a Dhaka :  |b Bangladesh Bank 
300 |a 288 p. :  |b ill. ;  |c 24 cm. 
541 |e 27883 
710 |a Bangladesh Bank  |9 3822 
942 |2 ddc  |c BK 
999 |c 14177  |d 14177 
952 |0 0  |1 0  |2 ddc  |4 0  |6 332_109549200000000_OFC  |7 0  |9 23917  |a BRACUL  |b BRACUL  |c GEN  |d 2014-02-24  |l 0  |o 332.1095492 OFC  |p 3010027883  |r 2014-02-24  |t 1  |w 2014-02-24  |y BK